000 01203cam a22003013a 4500
001 7841
003 PGUSA
005 20140828083149.0
008 050401s2005||||xxu|||||s|||||000 | eng d
040 _aPGUSA
_beng
042 _adc
050 4 _aPZ
050 4 _aPE
100 1 _aSmythe, E. Louise
_q(Emma Louise),
_d1858-
245 1 2 _aA Primary Reader :
_bOld-time Stories, Fairy Tales and Myths Retold by Children
_h[electronic resource] /
_cE. Louise Smythe
260 _bProject Gutenberg,
_c2005
505 0 _aThe ugly duckling -- The little pine tree -- The little match girl -- Little Red Riding-Hood -- The apples of Idun -- How Thor got the hammer -- The hammer lost and found -- The story of the sheep -- The good ship Argo -- Jason and the harpies -- The brass bulls -- Jason and the dragon.
506 _aPublic domain in the USA.
516 _aElectronic text
653 _aChildren's literature
653 _aFairy tales
653 _aMythology, Classical -- Juvenile literature
653 _aReaders (Elementary)
653 _aMythology, Norse -- Juvenile literature
830 0 _aProject Gutenberg
_v7841
856 4 0 _uhttp://www.gutenberg.org/ebooks/7841
942 _cEB
999 _c237141
_d237141